书目信息 |
| 题名: |
土力学与基础工程
|
|
| 作者: | 赵明华 主编 | |
| 分册: | ||
| 出版信息: | 武汉 武汉工业大学出版社 2009.11 |
|
| 页数: | 346页 | |
| 开本: | 30cm | |
| 丛书名: | ||
| 单 册: | ||
| 中图分类: | TU4 | |
| 科图分类: | ||
| 主题词: | 土力学 , 地基--基础(工程) | |
| 电子资源: | ||
| ISBN: | 978-7-5629-3064-8 | |
| 000 | 00642nam0 2200217 450 | |
| 001 | 1255315941 | |
| 005 | 20120405152359.35 | |
| 010 | @a978-7-5629-3064-8@dCNY38.00 | |
| 100 | @a20120405d2009 km y0chiy0120 ea | |
| 101 | 0 | @achi |
| 102 | @aCN@b420000 | |
| 200 | 1 | @a土力学与基础工程@Atu li xue yu ji chu gong cheng@f赵明华主编@Fzhao ming hua zhu bian |
| 205 | @a3版 | |
| 210 | @a武汉@c武汉工业大学出版社@d2009.11 | |
| 215 | @a346页@d30cm | |
| 606 | 0 | @a土力学 |
| 606 | 0 | @a地基@x基础(工程) |
| 690 | @aTU4@v4 | |
| 701 | 0 | @a赵明华@Azhao ming hua@4主编 |
| 801 | 0 | @aCN@b大连网信软件有限公司图书馆·11@c20120405 |
| 905 | @aZUCC@dTU4@eZ312=3 | |
| 土力学与基础工程/赵明华主编.-3版.-武汉:武汉工业大学出版社,2009.11 |
| 346页;30cm |
| ISBN 978-7-5629-3064-8:CNY38.00 |
| ● |
| 相关链接 |
|
|
|
正题名:土力学与基础工程
索取号:TU4/Z312=3
 
预约/预借
| 序号 | 登录号 | 条形码 | 馆藏地/架位号 | 状态 | 备注 |
| 1 | 485499 | 204854997 | 土木与交通工程学院资料室/ [索取号:TU4/Z312=3] | 在馆 |